| 000 -LEADER |
| fixed length control field |
00859cam a22002414a 4500 |
| 005 - DATE AND TIME OF LATEST TRANSACTION |
| control field |
20131021043028.0 |
| 008 - FIXED-LENGTH DATA ELEMENTS--GENERAL INFORMATION |
| fixed length control field |
001026s2002 ctu b 001 0 eng |
| 020 ## - INTERNATIONAL STANDARD BOOK NUMBER |
| International Standard Book Number |
0275970116 |
| 020 ## - INTERNATIONAL STANDARD BOOK NUMBER |
| International Standard Book Number |
0275973069 |
| 041 0# - LANGUAGE CODE |
| Language code of text/sound track or separate title |
eng |
| 080 ## - UNIVERSAL DECIMAL CLASSIFICATION NUMBER |
| Universal Decimal Classification number |
32 |
| Common auxiliary subdivision |
(47) |
| 245 00 - TITLE STATEMENT |
| Title |
Unity or separation : |
| Statement of responsibility, etc |
edited by Daniel R. Kempton and Terry D. Clark. |
| 260 ## - |
| -- |
Westport, Conn. : |
| -- |
Praeger, |
| -- |
2002. |
| 300 ## - |
| -- |
336 p. ; |
| -- |
24 cm. |
| 504 ## - BIBLIOGRAPHY, ETC. NOTE |
| Bibliography, etc |
Includes bibliographical references and index. |
| 650 #0 - |
| -- |
Politika dhe qeverisja |
| -- |
Rusia (Federata) |
| 650 #0 - |
| -- |
Qeveria federale |
| -- |
Rusia (Federata) |
| 650 #0 - |
| -- |
Qeverisja lokale |
| -- |
Russia |
| -- |
Case studies. |
| 651 #0 - |
| -- |
Russia (Federation) |
| -- |
Marrëdhënie etnike |
| 700 1# - |
| -- |
Kempton, Daniel R. |
| 700 1# - |
| -- |
Clark, Terry D. |
| -- |
(Terry Dee), |
| -- |
1951- |
| 942 ## - ADDED ENTRY ELEMENTS (KOHA) |
| Source of classification or shelving scheme |
|
| Item type |
Books |